000
00319 a2200157 4500
001
57503
020
_a
8508093357
040
_c
Anchieta - Pituba
100
_a
Dante, Luiz Roberto
240
1
0
_a
Matemática
_l
por
245
1
0
_a
Matemática
300
_a
624
362
0
_a
2004
650
4
_a
Matemática
942
_c
BK
999
_c
57503
_d
57503